common knowledge - Statistics

General Stats
  • This quiz has been taken 1,263 times
  • The average score is 9 of 15
Answer Stats
Hint Answer % Correct
First USA state if you are saying them in alphabetical order Alabama
85%
What color are smurfs? blue
85%
Number of years between leap years 4
84%
plural of fish fish
80%
Third color in the rainbow yellow
80%
Rons last name in Harry Potter Weasley
79%
How many days are there in a leap year? 366
78%
What day of the week is Easter always on? Sunday
78%
State that Niagra Falls is in New York
56%
Capital city of Canada Ottawa
50%
Harry's mom in Harry Potter Lily Potter
42%
What group of colors does white light turn into when seperated rainbow
40%
What Jews light on hannukah menorah
34%
What type of food is an almond? Fruit
27%
What did thay use before CD players? Tape recorders
3%
No matching quizzes found
Score Distribution
Percent of People with Each Score
Percentile by Number Answered
Your Score History
You have not taken this quiz